Techos verdes : planificación, ejecución, consejos prácticos /

Bibliographic Details
Main Author: Minke, Gernot (Author)
Other Authors: Entz Lagrotta, Denize (Translator)
Format: Electronic eBook
Language:Spanish
German
Published: [Olba, Teruel] : Ediciones EcoHabitar, [2010]
Edition:Segunda edición castellano.
Subjects:
Online Access:Digitalia Hispánica

MARC

LEADER 00000nam a2200000Ii 4500
001 DIGECOHAB0008
003 NyNyDIG
006 m o d
007 cr |||||||||||
008 240202s2010 sp a ob 000 0 spa d
035 |a (OCoLC)1422054817 
040 |a DGITA  |b eng  |e rda  |e pn  |c DGITA 
020 |a 9788494216862  |q eBook 
020 |z 9788460944317 
041 1 |a spa  |h ger 
050 1 4 |a SB419.5 ebook 
082 0 4 |a 635.9671  |2 23 
100 1 |a Minke, Gernot,  |e author. 
240 1 0 |a Dächer begrünen einfach und wirkungsvoll.  |l Spanish 
245 1 0 |a Techos verdes :  |b planificación, ejecución, consejos prácticos /  |c Gernot Minke ; traducción del alemán y redacción, Denize Entz Lagrotta. 
250 |a Segunda edición castellano. 
264 1 |a [Olba, Teruel] :  |b Ediciones EcoHabitar,  |c [2010] 
300 |a 1 online resource :  |b illustrations. 
336 |a text  |b txt  |2 rdacontent 
337 |a computer  |b c  |2 rdamedia 
338 |a online resource  |b cr  |2 rdacarrier 
347 |a text file  |2 rdaft 
347 |b EPUB 
504 |a Includes bibliographical references. 
588 0 |a Online resource; title from ePub title page (Digitalia, viewed February 2, 2024) 
650 0 |a Green roofs (Gardening) 
700 1 |a Entz Lagrotta, Denize,  |e translator. 
700 1 |i Translation of:  |a Minke, Gernot.  |t Dächer begrünen einfach und wirkungsvoll. 
791 2 |a Digitalia (Firm),  |e distributor. 
793 0 |g Digitalia eBook Collection:  |a EcoHabitar 
776 0 8 |i Print version:  |a Minke, Gernot.  |s Dächer begrünen einfach und wirkungsvoll. Spanish.  |t Techos verdes.  |b Segunda edición castellano.  |d [Olba, Teruel] : Ediciones EcoHabitar, [2010]  |z 9788460944317 
856 4 0 |3 Digitalia Hispánica  |u https://www.digitaliapublishing.com/a/100449/ 
910 |a Premium collection: 2024